| 000 | 00440nam a2200121Ia 4500 | ||
|---|---|---|---|
| 008 | 220615s9999||||xx |||||||||||||| ||und|| | ||
| 100 | _aGronold, Daniela | ||
| 245 | 0 |
_aIdentity Matters _bDifferent Conceptualisations of Belonging from the Perspective of Young Slovenes |
|
| 546 | _aEnglish[eng] | ||
| 650 | _aSocial Science||Sociology | ||
| 856 | _uhttps://library.oapen.org/bitstream/20.500.12657/50288/1/external_content.pdf | ||
| 942 | _cEB | ||
| 999 |
_c15948 _d15948 |
||